MARC details
| 000 -LEADER |
| fixed length control field |
02376nam a2200325 i 4500 |
| 003 - CONTROL NUMBER IDENTIFIER |
| control field |
CSPC |
| 005 - DATE AND TIME OF LATEST TRANSACTION |
| control field |
20240904112645.0 |
| 008 - FIXED-LENGTH DATA ELEMENTS--GENERAL INFORMATION |
| fixed length control field |
240110s2017 enka b 001 0 eng |
| 010 ## - LIBRARY OF CONGRESS CONTROL NUMBER |
| LC control number |
2016032191 |
| 020 ## - INTERNATIONAL STANDARD BOOK NUMBER |
| International Standard Book Number |
9781138100633 |
| Qualifying information |
(pbk.) |
| 040 ## - CATALOGING SOURCE |
| Transcribing agency |
CSPC |
| Original cataloging agency |
CSPC |
| Language of cataloging |
eng |
| Description conventions |
rda |
| 050 00 - LIBRARY OF CONGRESS CALL NUMBER |
| Classification number |
GV713 |
| Item number |
.U64 2017 |
| 082 00 - DEWEY DECIMAL CLASSIFICATION NUMBER |
| Classification number |
796.069 |
| Item number |
Un22 |
| Edition number |
23 |
| 245 00 - TITLE STATEMENT |
| Title |
Understanding sport management : |
| Remainder of title |
international perspective / |
| Statement of responsibility, etc. |
edited by Trish Bradbury and Ian O'Boyle. |
| 264 #1 - PRODUCTION, PUBLICATION, DISTRIBUTION, MANUFACTURE, AND COPYRIGHT NOTICE |
| Place of production, publication, distribution, manufacture |
Abingdon, Oxon ; |
| Name of producer, publisher, distributor, manufacturer |
Routledge, |
| Date of production, publication, distribution, manufacture, or copyright notice |
2017. |
| 300 ## - PHYSICAL DESCRIPTION |
| Extent |
xvii, 294 pages : |
| Other physical details |
illustrations ; |
| Dimensions |
26 cm. |
| 336 ## - CONTENT TYPE |
| Source |
rdacontent |
| Content type term |
text |
| 337 ## - MEDIA TYPE |
| Source |
rdamedia |
| Media type term |
unmediated |
| 338 ## - CARRIER TYPE |
| Source |
rdacarrier |
| Carrier type term |
volume |
| 504 ## - BIBLIOGRAPHY, ETC. NOTE |
| Bibliography, etc. note |
Includes bibliographical references and index. |
| 505 0# - FORMATTED CONTENTS NOTE |
| Formatted contents note |
The new sport management environment / Ian O'Boyle and Trish Bradbury -- The impact of sport in society / Emma Sherry -- Organisational structure and theory of non-profit sport organisations / Packianathan Chelladurai, Wirdati Radzi and Megat Ahmad Kamaluddin Megat Daud -- Professional sport / Paul Turner -- The global sport environment / Eric Macintosh and John Harris -- Creating high-performing non-profit sport organisations / Popi Sotiriadou and Veerle de Bosscher -- Controlling and managing organisational performance : the viable system model / Winnie O'Grady and John Davies -- Strategic management in non-profit sport / Ian O'Boyle -- Managing volunteers in grassroots sport / Tracy Taylor and Ashlee Morgan -- Sport governance / Ian O'Boyle -- Leadership in sport management / Duncan Murray and Sarah Chua -- Soliciting sport sponsorship / Bettina Cornwell -- Sport marketing / Brenda Pitts -- The economics of sport / Sam Richardson -- Communication and social media / Ashleigh-Jane Thompson -- Sport law / Neville Cox -- Sport event management / Insun Sunny Lee and Graham Brown -- Sport tourism / Graham Brown and Insun Sunny Lee -- The continuing evolution of sport management / Trish Bradbury and Ian O'Boyle. |
| 650 #0 - SUBJECT ADDED ENTRY--TOPICAL TERM |
| Topical term or geographic name entry element |
Sports administration. |
| 650 #0 - SUBJECT ADDED ENTRY--TOPICAL TERM |
| Topical term or geographic name entry element |
Sports |
| General subdivision |
Marketing. |
| 650 #0 - SUBJECT ADDED ENTRY--TOPICAL TERM |
| Topical term or geographic name entry element |
Sports sponsorship. |
| 650 #0 - SUBJECT ADDED ENTRY--TOPICAL TERM |
| Topical term or geographic name entry element |
Communication in sports. |
| 700 1# - ADDED ENTRY--PERSONAL NAME |
| Personal name |
Bradbury, Trish, |
| Relator term |
editor. |
| 700 1# - ADDED ENTRY--PERSONAL NAME |
| Personal name |
O'Boyle, Ian, |
| Relator term |
editor. |
| 942 ## - ADDED ENTRY ELEMENTS (KOHA) |
| Source of classification or shelving scheme |
Dewey Decimal Classification |
| Koha item type |
Books |
| Classification part |
796.069 |
| Call number prefix |
CIR |
| Call number suffix |
2017 |
| Suppress in OPAC |
No |
| Edition |
23 |